Thermodynamics (Record no. 8344)

000 -LEADER
fixed length control field 00603nam a2200217 i 4500
001 - CONTROL NUMBER
control field 8344
003 - CONTROL NUMBER IDENTIFIER
control field BD-DhUET
008 - FIXED-LENGTH DATA ELEMENTS--GENERAL INFORMATION
fixed length control field 770308s1978 nyua b 001 0 eng
020 ## - INTERNATIONAL STANDARD BOOK NUMBER
International Standard Book Number 0023355301
040 ## - CATALOGING SOURCE
Original cataloging agency DLC
Transcribing agency DLC
Modifying agency BD-DhUET
082 ## - DEWEY DECIMAL CLASSIFICATION NUMBER
Classification number 621.01
Item number FAI/1970
100 ## - MAIN ENTRY--PERSONAL NAME
Personal name Faires, Virgil Moring
245 10 - TITLE STATEMENT
Title Thermodynamics
Statement of responsibility, etc. by Virgil Moring Faires and Clifford Max Simmang
250 ## - EDITION STATEMENT
Edition statement 6th ed.
260 ## - PUBLICATION, DISTRIBUTION, ETC. (IMPRINT)
Place of publication, distribution, etc. New York
Name of publisher, distributor, etc. Macmillan
Date of publication, distribution, etc. 1970
300 ## - PHYSICAL DESCRIPTION
Extent xxiii, 647 p.
Other physical details ill.
Dimensions 26 cm.
504 ## - BIBLIOGRAPHY, ETC. NOTE
Bibliography, etc Includes bibliographies
650 #0 - SUBJECT ADDED ENTRY--TOPICAL TERM
Topical term or geographic name as entry element Thermodynamics
700 ## - ADDED ENTRY--PERSONAL NAME
Personal name Simmang, Clifford Max
942 ## - ADDED ENTRY ELEMENTS (KOHA)
Koha item type General Book
Holdings
Date acquired Price effective from Lost status Withdrawn status Koha full call number Source of classification or shelving scheme Copy number Damaged status Koha date last seen Sublocation or collection (holding branch) Koha normalized classification for sorting Koha item type Not for loan Piece designation (barcode) Shelving location Location (home branch)
2015-01-202015-01-20  621.01/FAI/1978 1 2015-01-20Central Library, BUET621_010000000000000_FAI_1978General Book 42943Circulation sectionCentral Library, BUET
1985-06-112024-12-11  621.01 FAI/1970 ৬/ক-১ 2024-12-11Central Library, BUET621_010000000000000_FAI_1970Rental Item 63135Rental sectionCentral Library, BUET
1985-06-112024-12-11  621.01 FAI/1970 ৬/ক-২ 2024-12-11Central Library, BUET621_010000000000000_FAI_1970Rental Item 63136Rental sectionCentral Library, BUET
1985-06-112024-12-11  621.01 FAI/1970 ৬/ক-৩ 2024-12-11Central Library, BUET621_010000000000000_FAI_1970Rental Item 63137Rental sectionCentral Library, BUET
1985-06-112024-12-11  621.01 FAI/1970 ৬/ক-৪ 2024-12-11Central Library, BUET621_010000000000000_FAI_1970Rental Item 63138Rental sectionCentral Library, BUET
1985-06-112024-12-11  621.01 FAI/1970 ৬/ক-৫ 2024-12-11Central Library, BUET621_010000000000000_FAI_1970Rental Item 63139Rental sectionCentral Library, BUET
1985-06-112024-12-11  621.01 FAI/1970 ৬/ক-৬ 2024-12-11Central Library, BUET621_010000000000000_FAI_1970Rental Item 63140Rental sectionCentral Library, BUET
1985-06-112024-12-11  621.01 FAI/1970 ৬/ক-৭ 2024-12-11Central Library, BUET621_010000000000000_FAI_1970Rental Item 63141Rental sectionCentral Library, BUET
1985-06-112024-12-11  621.01 FAI/1970 ৬/ক-৮ 2024-12-11Central Library, BUET621_010000000000000_FAI_1970Rental Item 63142Rental sectionCentral Library, BUET
1985-06-112024-12-11  621.01 FAI/1970 ৬/ক-৯ 2024-12-11Central Library, BUET621_010000000000000_FAI_1970Rental Item 63143Rental sectionCentral Library, BUET
1985-06-112024-12-11  621.01 FAI/1970 ৬/ক-১০ 2024-12-11Central Library, BUET621_010000000000000_FAI_1970Rental Item 63144Rental sectionCentral Library, BUET
1985-06-112024-12-11  621.01 FAI/1970 ৬/ক-১১ 2024-12-11Central Library, BUET621_010000000000000_FAI_1970Rental Item 63145Rental sectionCentral Library, BUET
1985-06-112024-12-11  621.01 FAI/1970 ৬/ক-১২ 2024-12-11Central Library, BUET621_010000000000000_FAI_1970Rental Item 63146Rental sectionCentral Library, BUET
1985-06-112024-12-11  621.01 FAI/1970 ৬/ক-১৩ 2024-12-11Central Library, BUET621_010000000000000_FAI_1970Rental Item 63147Rental sectionCentral Library, BUET
1985-06-112024-12-11  621.01 FAI/1970 ৬/ক-১৪ 2024-12-11Central Library, BUET621_010000000000000_FAI_1970Rental Item 63148Rental sectionCentral Library, BUET
1985-06-112024-12-11  621.01 FAI/1970 ৬/ক-১৫ 2024-12-11Central Library, BUET621_010000000000000_FAI_1970Rental Item 63149Rental sectionCentral Library, BUET
1985-06-112024-12-11  621.01 FAI/1970 ৬/ক-১৬ 2024-12-11Central Library, BUET621_010000000000000_FAI_1970Rental Item 63150Rental sectionCentral Library, BUET
1985-06-112024-12-11  621.01 FAI/1970 ৬/ক-১৭ 2024-12-11Central Library, BUET621_010000000000000_FAI_1970Rental Item 63151Rental sectionCentral Library, BUET
1985-06-112024-12-11  621.01 FAI/1970 ৬/ক-১৮ 2024-12-11Central Library, BUET621_010000000000000_FAI_1970Rental Item 63152Rental sectionCentral Library, BUET
1985-06-112024-12-11  621.01 FAI/1970 ৬/ক-১৯ 2024-12-11Central Library, BUET621_010000000000000_FAI_1970Rental Item 63153Rental sectionCentral Library, BUET
1985-06-112024-12-11  621.01 FAI/1970 ৬/ক-২০ 2024-12-11Central Library, BUET621_010000000000000_FAI_1970Rental Item 63154Rental sectionCentral Library, BUET